| 000 | 00381nam a2200133Ia 4500 | ||
|---|---|---|---|
| 005 | 20251222143300.0 | ||
| 008 | 251222s9999||||xx |||||||||||||| ||spa|| | ||
| 020 | _a84-7908-373-5 | ||
| 082 | _a658.002/C68 | ||
| 100 | _aClaver Cortés, Enrique | ||
| 245 | 0 | _aLa Dirección de la Innovación Tecnológica en la Empresa Alicantina | |
| 264 | _bUniversidad de Alicante | ||
| 942 | _cLIB | ||
| 999 |
_c15287 _d15287 |
||